Construction contracts (Record no. 105901)
[ view plain ]
| 000 -LEADER | |
|---|---|
| fixed length control field | 01866cam a2200325 4500 |
| 001 - CONTROL NUMBER | |
| control field | ##L135068 |
| 008 - FIXED-LENGTH DATA ELEMENTS--GENERAL INFORMATION | |
| fixed length control field | 060921n2006 000 0 eng u |
| 020 ## - INTERNATIONAL STANDARD BOOK NUMBER | |
| International Standard Book Number | 0199281246 |
| -- | 97801909281244 |
| 035 ## - SYSTEM CONTROL NUMBER | |
| System control number | (Sirsi) u135068 |
| 041 0# - LANGUAGE CODE | |
| Language code of text/sound track or separate title | eng |
| 050 04 - LIBRARY OF CONGRESS CALL NUMBER | |
| Classification number | 692.8 $2 18 |
| 100 1# - MAIN ENTRY--PERSONAL NAME | |
| Personal name | Wilmot-Smith, Richard |
| 245 00 - TITLE STATEMENT | |
| Title | Construction contracts |
| Remainder of title | law and practice |
| 260 ## - PUBLICATION, DISTRIBUTION, ETC. | |
| Place of publication, distribution, etc. | Oxford |
| Name of publisher, distributor, etc. | Oxford University Press |
| Date of publication, distribution, etc. | 2006 |
| 300 ## - PHYSICAL DESCRIPTION | |
| Extent | lxxxvi, 704p |
| Dimensions | 26cm |
| 350 ## - PRICE (NR) (BK AM CF MU VM SE) [OBSOLETE] | |
| Price | 155.00 |
| 505 2# - FORMATTED CONTENTS NOTE | |
| Formatted contents note | Part I The contract: Contracts: formation and interpretation -- Standard forms of contract and bespoke contracts -- Quantum meruit -- Assignment and sub-letting and the Contracts (Rights of Third Parties) Act 1999 |
| 505 2# - FORMATTED CONTENTS NOTE | |
| Formatted contents note | Part II liability: The roles of professionals -- Tort and construction law -- Exemption and limitation of liability clauses -- Mistake, misrepresentation and frustration -- Guarantee and indemnity |
| 505 2# - FORMATTED CONTENTS NOTE | |
| Formatted contents note | Part III performance: Certificates and the right to payment -- Time for completion |
| 505 2# - FORMATTED CONTENTS NOTE | |
| Formatted contents note | Part IV breach, termination, and damages: Damage for breach of contract -- Determination or forfeiture clauses |
| 505 2# - FORMATTED CONTENTS NOTE | |
| Formatted contents note | Part V claims: Loss and expense -- Limitation of action -- Injunctions and specific performance -- Bankruptcy and insolvency |
| 505 2# - FORMATTED CONTENTS NOTE | |
| Formatted contents note | Part VI disputes: Adjudication -- Mediation and alternative dispute resolution -- arbitration -- Litigation |
| 505 2# - FORMATTED CONTENTS NOTE | |
| Formatted contents note | Part VII procurement and competition in the European Community: Procurement and the European Community |
| 520 ## - SUMMARY, ETC. | |
| Summary, etc. | Deals with the substantive law and modern dispute resolution procedures in the field of construction. The law is stated as 3 October 2005. |
| 590 ## - LOCAL NOTE (RLIN) | |
| Local note | IKA171006 |
| 651 #4 - SUBJECT ADDED ENTRY--GEOGRAPHIC NAME | |
| Geographic name | England and Wales |
| Chronological subdivision | 1543- |
| 690 ## - LOCAL SUBJECT ADDED ENTRY--TOPICAL TERM (OCLC, RLIN) | |
| Topical term or geographic name as entry element | BUILT ENVIRONMENT-CONSTRUCTION MANAGEMENT-BUILDING CONTRACT ADMINISTRATION |
| 942 ## - ADDED ENTRY ELEMENTS (KOHA) | |
| Suppress in OPAC | 0 |
| Withdrawn status | Lost status | Source of classification or shelving scheme | Damaged status | Not for loan | Home library | Current library | Shelving location | Date acquired | Cost, normal purchase price | Total Checkouts | Full call number | Barcode | Date last seen | Date last checked out | Copy number | Cost, replacement price | Price effective from | Koha item type |
|---|---|---|---|---|---|---|---|---|---|---|---|---|---|---|---|---|---|---|
| Dewey Decimal Classification | London | London | Books | 04/10/2006 | 155.00 | 23 | 692.8 WIL | 30073315 | 06/08/2019 | 19/11/2009 | 1 | 155.00 | 06/08/2019 | Book |